Higher education in India: Prospects for public private partnership (Record no. 79859)

000 -LEADER
fixed length control field 01195pab a2200193 454500
008 - FIXED-LENGTH DATA ELEMENTS--GENERAL INFORMATION
fixed length control field 180718b2008 xxu||||| |||| 00| 0 eng d
100 ## - MAIN ENTRY--PERSONAL NAME
Personal name Gupta, Amit
245 ## - TITLE STATEMENT
Title Higher education in India: Prospects for public private partnership
260 ## - PUBLICATION, DISTRIBUTION, ETC.
Date of publication, distribution, etc. 2008
300 ## - PHYSICAL DESCRIPTION
Extent p.496-503.
362 ## - DATES OF PUBLICATION AND/OR SEQUENTIAL DESIGNATION
Dates of publication and/or sequential designation Jul-Sep
520 ## - SUMMARY, ETC.
Summary, etc. The access to higher education needs to be considerably improved if we are to catch up even with the burgeoning demands from various sectors. This calls for huge investment in the higher education, which the government is not in a position to do. Even if the government increases the allocation for higher education, taking the investment in education up to six per cent of the GDP, there will still be a huge gap in the demand and supply of seats in higher educational institutions. to fill this gap, there is a need to encourage the participation of the corporate sector before we think of inviting foreign direct investment in this sector. - Reproduced.
650 ## - SUBJECT ADDED ENTRY--TOPICAL TERM
Topical term or geographic name entry element Higher education - India
650 ## - SUBJECT ADDED ENTRY--TOPICAL TERM
Topical term or geographic name entry element Public private partnership - India
650 ## - SUBJECT ADDED ENTRY--TOPICAL TERM
Topical term or geographic name entry element Public private partnership
773 ## - HOST ITEM ENTRY
Main entry heading Indian Journal of Public Administration
908 ## - PUT COMMAND PARAMETER (RLIN)
Put command parameter N
909 ## -
-- 79859
Holdings
Withdrawn status Lost status Damaged status Not for loan Permanent Location Current Location Date acquired Serial Enumeration / chronology Barcode Date last seen Price effective from Koha item type
        Indian Institute of Public Administration Indian Institute of Public Administration 2018-07-19 Volume no: 54, Issue no: 3 AR80319 2018-07-19 2018-07-19 Articles

Powered by Koha